Statistics for Wild Cat Habitats Map Quiz (by pictures)

Click here to take the quiz!

General Stats

  • This quiz has been taken 55 times
  • The average score is 6 of 7

Answers on the Map

Answers color-coded by a green-red scale on the quiz's map according to % correct below.
 

Answer Stats

Answer% Correct
95%
90%
85%
80%
78%
76%
71%

Score Distribution

Percentile by Number Answered

Percent of People with Each Score

Your Score History

You have not taken this quiz